Aplikácia pokročilých metód NMR analýzy pri identifikácii organických a organometalických štruktúr

Salvato in:
Dettagli Bibliografici
Autore principale: Šoral, Michal (Autore)
Altri autori: Liptaj, Tibor (Relatore della tesi)
Natura: Manoscritto Libro
Lingua:slovacco
Pubblicazione: 2016
Soggetti:
Accesso online:http://is.stuba.sk/zp/portal_zp.pl?podrobnosti=97591
Tags: Aggiungi Tag
Nessun Tag, puoi essere il primo ad aggiungerne!!

MARC

LEADER 00000ntm a22000003a 4500
001 stuzp35368
003 SK-STU
005 20161217210106.7
007 ta
008 150427s2015----xo-----f-mn---000-0-slo-d
040 |a STU  |b slo 
041 0 |a slo 
100 1 |a Šoral, Michal  |u 040630  |k Z2  |4 aut  |U FCHPT Fakulta chemickej a potravinárskej technológie  |T FCHPT Centrálne laboratóriá FCHPT  |X 50138  |U C0630  |Y 687  |7 A0000050138 
242 0 1 |a Application of advanced methods of NMR analysis in organic and organometallic structure identification  |y eng 
245 1 0 |a Aplikácia pokročilých metód NMR analýzy pri identifikácii organických a organometalických štruktúr 
260 |c 2016 
650 4 |a folding  |2 eng 
650 4 |a semi-selective 2D experiments  |2 eng 
650 4 |a NMR  |2 eng 
650 4 |a residual dipolar coupling  |2 eng 
650 4 |a reziduálne dipólovo-dipólové interakcie  |2 slo 
650 4 |a NMR  |2 slo 
650 4 |a folding  |2 slo 
650 4 |a semi-selektívne 2D experimenty  |2 slo 
700 1 |a Liptaj, Tibor  |u 040630  |k Z1  |4 ths  |U FCHPT Fakulta chemickej a potravinárskej technológie  |T FCHPT Centrálne laboratóriá FCHPT  |X 3312  |U C0630  |Y 687  |7 A000003312 
856 4 |u http://is.stuba.sk/zp/portal_zp.pl?podrobnosti=97591